One, Two...Not Three VII Quiz Stats

 Plays Quiz Updated Sep 6, 2018

Score 0/30 Timer 08:00
2 Plays Today
% Correct
New York City Boroughs
94%
Terms for Soft Drinks
93.5%
Cocktails
92.5%
Body Parts that Ache
91.5%
Johnnies
91%
Chinese Years
90.6%
Ways to Pay
90.4%
Galaxies
90.2%
Canadian Provinces and Territories
89.2%
Candy Bars
88.5%
_____time
88.4%
Brushes
87.7%
Golds
87.2%
Bens
86.3%
Words Associated with 'Cream' | '_____ Bread' (Common)
84.4%
% Correct
King of _____
83.7%
Regions of the US
83.5%
Fruit
82.5%
Lanes
81.8%
Pins
81.8%
Loan Types
81.2%
Characters in the King David Saga
80.1%
Mates (Chess)
79.1%
Strains
78.7%
Food Whose Centers One Does Not Eat
77.6%
Song of _____
77.3%
Places Named for Places in Great Britain
75.8%
Sports Ball Manufacturers
70.5%
Businesses
69.2%
Phillipses
68.7%

You're not logged in!

Compare scores with friends on all Sporcle quizzes.
OR
Log In

Sporcle TV

Today on Sporcle TV


Watch our educational content, quiz creation guides, and fun videos on Sporcle TV.

Show Comments

Extras

Top Quizzes Today


Score Distribution

Your Account Isn't Verified!

In order to create a playlist on Sporcle, you need to verify the email address you used during registration. Go to your Sporcle Settings to finish the process.

Report this User

Report this user for behavior that violates our Community Guidelines.

Details: